000
00318nam a22001217a 4500
040
_c
HS
082
_a
630
100
_a
ជួង សុផល
245
_a
ផ្សព្វផ្សាយកសិកម្ម Agricultural extension
260
_a
RUA
_b
ជួង សុផល
_c
2009
300
_a
65p;
942
_c
KB
999
_c
9191
_d
9191